| 000 | 00699nam a22002297a 4500 | ||
|---|---|---|---|
| 999 |
_c4140 _d4140 |
||
| 001 | 4308 | ||
| 003 | BD-DhUAP | ||
| 005 | 20201102114104.0 | ||
| 008 | 201102s1994 caua b 001 0 eng | ||
| 020 | _a0787900400 | ||
| 040 |
_aDLC _cDLC _dBD-DhUAP |
||
| 082 | 0 | 0 |
_a510.7 KUL _223 |
| 100 | 1 | _aKulm, Gerald. | |
| 245 | 1 | 0 |
_aMathematics assessment : _bwhat works in the classroom / _cGerald Kulm. |
| 250 | _a1st ed. | ||
| 260 |
_aSan Francisco : _bJossey-Bass, _cc1994. |
||
| 300 |
_axi, 184 pages : _billustrations ; _c26 cm. |
||
| 504 | _aIncludes bibliographical references and index. | ||
| 650 | 0 |
_aMathematics _xStudy and teaching. |
|
| 650 | 0 |
_aMathematical ability _xTesting. |
|
| 942 |
_2ddc _cBK |
||